Ładuje się......

Rivalry for trade in tea and textiles : the English and Dutch East India Companies (1700-1800) /

Opis bibliograficzny
1. autor: Chris Nierstrasz
Format: Printed Book
Wydane: New York: Palgrave Macmillan, 2015.
Seria:Europe's Asian centuries
Hasła przedmiotowe:
LEADER 00798cam a2200181 i 4500
020 |a 9781137486523 (hardback) 
082 0 0 |a 382.413 720 942  |b CHR/R 
100 1 |a Chris Nierstrasz  |9 24744 
245 1 0 |a Rivalry for trade in tea and textiles :  |b the English and Dutch East India Companies (1700-1800) /  |c by Chris Nierstrasz. 
260 |a New York:  |b Palgrave Macmillan,  |c 2015. 
300 |a xvi, 219 pages :  |b illustrations (black and white, and color) ; 
490 0 |a Europe's Asian centuries 
650 0 |a Tea trade  |z Europe  |9 24745 
650 0 |a Textile industry  |z Europe  |9 24746 
650 0 |a Social Science  |9 24747 
942 |c BK 
999 |c 68736  |d 68736 
952 |0 0  |1 0  |4 0  |6 382_413000000000000_720_942_CHR_R  |7 0  |9 89191  |a SSUS  |b SSUS  |c REF  |d 2017-11-18  |g 6279.22  |o 382.413 720 942 CHR/R  |p 086171  |r 2017-11-18  |w 2017-11-18  |y REF